Provincias de España - Escribe la primera letra - Estadísticas

Estadísticas generales
  • Esta prueba ha sido intentada 12.493 veces
  • La puntuación promedio es 23 de 50
Respuestas en el mapa
Las respuestas están codificadas por una escala verde-roja en el mapa de la prueba según el % correcto abajo.
 
Estadísticas de respuestas
Provincia % Correcto
Barcelona
49%
Madrid
49%
Asturias
48%
Cádiz
48%
Cantabria
48%
Islas Baleares
48%
La Coruña
48%
Alicante
47%
Almería
47%
Badajoz
47%
Cáceres
47%
Castellón
47%
Ciudad Real
47%
Gerona
47%
Huelva
47%
Lérida
47%
Murcia
47%
Navarra
47%
Santa Cruz de Tenerife
47%
Sevilla
47%
Tarragona
47%
Toledo
47%
Valencia
47%
Albacete
46%
Córdoba
46%
Huesca
46%
La Rioja
46%
Las Palmas
46%
León
46%
Málaga
46%
Orense
46%
Zaragoza
46%
Álava
45%
Burgos
45%
Cuenca
45%
Guipúzcoa
45%
Jaén
45%
Lugo
45%
Palencia
45%
Pontevedra
45%
Segovia
45%
Teruel
45%
Vizcaya
45%
Salamanca
44%
Valladolid
44%
Zamora
44%
Ávila
43%
Granada
43%
Guadalajara
43%
Soria
43%
No se encontraron pruebas coincidentes
Distribución de puntuación
Porcentaje de gente con cada puntuación
Porcentaje por número respondido
Historial de tus puntuaciones
No has intentado esta prueba.